01662nam a2200349 a 4500001001000000003000900010005001700019008002900036020001500065040002500080082003500105100002800140245011100168250001100279260004500290300002100335504003200356505031800388590002600706650003500732650002200767650003700789650004500826650003300871651003700904700003200941910004100973942001201014952013201026952013701158999001701295000022583DO-SdBNP20240219113411.0101013s1998 dr 000 0 spa d a8489539871 aDO-SdBNPbspacBPMSU 4a306.362097293bF825n, 19982221 aFranco, Franklin J. d 14aLos negros, los mulatos y la Nación Dominicana/cFranklin J. Franco; prólogo Juan I Jimenes Grullón  a9a ed. aSanto Domingo :bArte Gráfica ,c1998. a199 p. ;c25 cm. aBibliografía : p. 195-1990 aNotación preliminar-- La introducción de esclavos y sus incidencias -- Procedencia, castas, denominaciones, culturas-- Los negros a través de las ordenanzas locales y de las cédulas reales-- La Iglesia -- Alzamientos y rebeliones -- Los negros fugitivos de accidente -- Tres siglos de vinculación negra. aInventariado, 2023/VM 4aEsclavitud e iglesiaxHistoria 4aTrata de esclavos 4aNegrosxVida social y costumbres 4aNegroszRepública DominicanaxHistoria 4aAbolición de la esclavitud 4aRepública DominicanaxHistoria1 a Jimenes Grullón, Juan I aVMateo V. Control de calidad (BPMSU) 2ddccBK 00102ddc40708CDaBPMETbBPMETd2024-02-19l0oBPMSU CD 306.362097293 F825n, 1998pBPMSU24020339r2024-02-19w2024-02-19yBK 00102ddc40708CDaBPMETbBPMETd2024-02-19l0oBPMSU CD 306.362097293 F825n, 1998pBPMSU25120012r2025-12-01te.2w2024-02-19yBK c14576d14576